DAI語で市町村(関西) - Statistics

General Stats
  • This quiz has been taken 51 times
  • The average score is 92 of 227
Answer Stats
都道府県名 DAI語 答え % Correct
兵庫県 AIOI 相生市
97%
兵庫県 AMGSK 尼崎市
86%
兵庫県 AKS 明石市
84%
兵庫県 AKU 赤穂市
84%
和歌山県 ARD 有田市
70%
和歌山県 ARDGW 有田川町
70%
奈良県 AnD 安堵町
68%
兵庫県 ASG 朝来市
68%
京都府 AYB 綾部市
68%
滋賀県 AISyU 愛荘町
65%
三重県 ASH 朝日町
65%
兵庫県 ASY 芦屋市
65%
奈良県 ASK 明日香村
62%
兵庫県 AWZ 淡路市
62%
滋賀県 HGSOUM 東近江市
57%
大阪府 HnNn 阪南市
57%
大阪府 IBRK 茨木市
57%
和歌山県 GBU 御坊市
54%
大阪府 HBKN 羽曳野市
54%
大阪府 HGSOOSK 東大阪市
54%
大阪府 HRKT 枚方市
54%
大阪府 IZM 和泉市
54%
大阪府 IZMOOT 泉大津市
54%
兵庫県 KKGW 加古川市
54%
奈良県 NR 奈良市
54%
奈良県 GS 御所市
51%
奈良県 GZyU 五條市
51%
滋賀県 HN 日野町
51%
京都府 ID 井手町
51%
三重県 IG 伊賀市
51%
兵庫県 ITM 伊丹市
51%
大阪府 IZMSN 泉佐野市
51%
大阪府 DITU 大東市
49%
和歌山県 HDK 日高町
49%
和歌山県 HDKGW 日高川町
49%
兵庫県 HRM 播磨町
49%
大阪府 HZIDR 藤井寺市
49%
大阪府 IKD 池田市
49%
奈良県 IKM 生駒市
49%
兵庫県 ITKW 市川町
49%
大阪府 KDM 門真市
49%
大阪府 KIDK 貝塚市
49%
滋賀県 KNn 湖南市
49%
滋賀県 KST 草津市
49%
京都府 NnTn 南丹市
49%
大阪府 OOSK 大阪市
49%
滋賀県 OOT 大津市
49%
奈良県 HGR 平群町
46%
奈良県 HGSYSN 東吉野村
46%
滋賀県 HKN 彦根市
46%
和歌山県 HSMT 橋本市
46%
三重県 IS 伊勢市
46%
和歌山県 IWD 岩出市
46%
和歌山県 KNKW 紀の川市
46%
京都府 KyUT 京都市
46%
大阪府 MNO 箕面市
46%
三重県 MTSK 松阪市
46%
滋賀県 NGHM 長浜市
46%
大阪府 NS 能勢町
46%
大阪府 OOSKSYM 大阪狭山市
46%
三重県 OWS 尾鷲市
46%
三重県 T 津市
46%
兵庫県 HMZ 姫路市
43%
奈良県 IKRG 斑鳩町
43%
京都府 IN 伊根町
43%
三重県 KHK 紀北町
43%
和歌山県 KINn 海南市
43%
兵庫県 KMGOR 上郡町
43%
大阪府 KSWD 岸和田市
43%
大阪府 KSWR 柏原市
43%
兵庫県 KUB 神戸市
43%
兵庫県 KWNS 川西市
43%
京都府 KyUTNB 京田辺市
43%
京都府 KyUTnG 京丹後市
43%
滋賀県 MIBR 米原市
43%
滋賀県 MRYM 守山市
43%
大阪府 MTBR 松原市
43%
京都府 NGOKKyU 長岡京市
43%
大阪府 NYGW 寝屋川市
43%
兵庫県 ON 小野市
43%
京都府 OOYMZK 大山崎町
43%
滋賀県 OUMHTMn 近江八幡市
43%
奈良県 SKRI 桜井市
43%
和歌山県 HRGW 広川町
41%
三重県 INB いなべ市
41%
兵庫県 INGW 猪名川町
41%
京都府 KDGW 木津川市
41%
大阪府 KTN 交野市
41%
和歌山県 KTYM 北山村
41%
滋賀県 KUK 甲賀市
41%
滋賀県 KUR 甲良町
41%
三重県 KWN 桑名市
41%
京都府 KyUTnB 京丹波町
41%
兵庫県 MNMAWZ 南あわじ市
41%
三重県 MNMIS 南伊勢町
41%
京都府 MYD 宮津市
41%
三重県 NBR 名張市
41%
兵庫県 NSNMY 西宮市
41%
兵庫県 NSWK 西脇市
41%
奈良県 OUZ 王寺町
41%
滋賀県 RyUOU 竜王町
41%
三重県 SM 志摩市
41%
兵庫県 TKRDK 宝塚市
41%
兵庫県 TnB 丹波市
41%
和歌山県 TNB 田辺市
41%
兵庫県 TnBSSYM 丹波篠山市
41%
兵庫県 TYOK 豊岡市
41%
三重県 KHU 紀宝町
38%
三重県 KMYM 亀山市
38%
奈良県 KnMK 上牧町
38%
大阪府 KNn 河南町
38%
奈良県 KSB 香芝市
38%
奈良県 KSHR 橿原市
38%
奈良県 KTRG 葛城市
38%
三重県 KWGE 川越町
38%
大阪府 KWTNGN 河内長野市
38%
京都府 MIDR 舞鶴市
38%
和歌山県 MNB みなべ町
38%
京都府 MNMYMSR 南山城村
38%
大阪府 MRGT 守口市
38%
大阪府 MSK 岬町
38%
奈良県 MYK 三宅町
38%
奈良県 NSGW 野迫川村
38%
和歌山県 NTKTUR 那智勝浦町
38%
三重県 OODI 大台町
38%
奈良県 OOYD 大淀町
38%
滋賀県 RtTU 栗東市
38%
大阪府 SKI 堺市
38%
兵庫県 SnD 三田市
38%
兵庫県 SnOnSn 新温泉町
38%
和歌山県 SRHM 白浜町
38%
兵庫県 SSU 宍粟市
38%
三重県 SZK 鈴鹿市
38%
大阪府 SZyUNWT 四條畷市
38%
大阪府 TDOK 忠岡町
38%
兵庫県 YB 養父市
38%
滋賀県 YS 野洲市
38%
京都府 HKTYM 福知山市
35%
兵庫県 INM 稲美町
35%
和歌山県 KDYM 九度山町
35%
兵庫県 KM 香美町
35%
奈良県 KMKTYM 上北山村
35%
兵庫県 KMKW 神河町
35%
三重県 KMN 熊野市
35%
兵庫県 KSI 加西市
35%
和歌山県 KTRG かつらぎ町
35%
兵庫県 KTU 加東市
35%
奈良県 KURyU 広陵町
35%
奈良県 KWKM 川上村
35%
奈良県 KWNS 川西町
35%
兵庫県 MK 三木市
35%
三重県 TB 鳥羽市
35%
滋賀県 TG 多賀町
35%
大阪府 TIS 太子町
35%
大阪府 TKTK 高槻市
35%
大阪府 TYN 豊能町
35%
大阪府 TYNK 豊中市
35%
奈良県 UD 宇陀市
35%
和歌山県 WKYM 和歌山市
35%
奈良県 YMTKORYM 大和郡山市
35%
大阪府 YO 八尾市
35%
兵庫県 HKSK 福崎町
32%
京都府 KMOK 亀岡市
32%
大阪府 KMTR 熊取町
32%
京都府 KSG 笠置町
32%
和歌山県 KSMT 串本町
32%
三重県 KSSK 木曽岬町
32%
和歌山県 KUY 高野町
32%
奈良県 KWI 河合町
32%
和歌山県 MHM 美浜町
32%
三重県 MIW 明和町
32%
奈良県 MTE 御杖村
32%
京都府 SIK 精華町
32%
大阪府 SIT 吹田市
32%
奈良県 SMKTYM 下北山村
32%
大阪府 SMMT 島本町
32%
和歌山県 SnGU 新宮市
32%
大阪府 SnNn 泉南市
32%
和歌山県 SSM すさみ町
32%
大阪府 StT 摂津市
32%
兵庫県 SYU 佐用町
32%
大阪府 THYAKSK 千早赤阪村
32%
兵庫県 TIS 太子町
32%
大阪府 TKIS 高石市
32%
滋賀県 TKSM 高島市
32%
三重県 TMK 玉城町
32%
大阪府 TnDBYS 富田林市
32%
奈良県 TnKW 天川村
32%
奈良県 TTKW 十津川村
32%
三重県 TUIn 東員町
32%
京都府 UZ 宇治市
32%
奈良県 YSN 吉野町
32%
三重県 YtKIT 四日市市
32%
三重県 KMN 菰野町
30%
奈良県 KRTK 黒滝村
30%
三重県 MHM 御浜町
30%
京都府 MKU 向日市
30%
奈良県 SN 曽爾村
30%
奈良県 SnGU 三郷町
30%
三重県 TK 多気町
30%
兵庫県 TK 多可町
30%
兵庫県 TKSG 高砂市
30%
奈良県 TnR 天理市
30%
兵庫県 TTN たつの市
30%
奈良県 TWRMT 田原本町
30%
大阪府 TZR 田尻町
30%
京都府 UZTWR 宇治田原町
30%
三重県 WTRI 度会町
30%
奈良県 YMTTKD 大和高田市
30%
奈良県 YMZE 山添村
30%
和歌山県 KMTnD 上富田町
27%
兵庫県 SMT 洲本市
27%
奈良県 TKTR 高取町
27%
和歌山県 YAS 湯浅町
27%
京都府 YSN 与謝野町
27%
京都府 YWT 八幡市
27%
和歌山県 INM 印南町
24%
和歌山県 KMN 紀美野町
24%
京都府 KMYM 久御山町
24%
和歌山県 KZGW 古座川町
24%
奈良県 SMIT 下市町
24%
三重県 TIK 大紀町
24%
和歌山県 TIZ 太地町
24%
滋賀県 TYST 豊郷町
24%
京都府 WDK 和束町
24%
和歌山県 YR 由良町
24%
京都府 ZyUYU 城陽市
24%
No matching quizzes found
Score Distribution
Percent of People with Each Score
Percentile by Number Answered
Your Score History
You have not taken this quiz